Countries With Only One Border - Statistics

General Stats
  • This quiz has been taken 1,404 times
  • The average score is 16 of 17
Answer Stats
Neighbour Country Border Length (km) Single-Border Country % Correct
United States 8,893 Canada
100%
Spain 1,214 Portugal
99%
United Kingdom 360 Ireland
98%
North Korea 238 South Korea
98%
South Africa 909 Lesotho
97%
Ireland 360 United Kingdom
97%
Haiti 360 Dominican Republic
96%
Dominican Republic 360 Haiti
96%
Italy 3.2 Vatican City
96%
Italy 39 San Marino
95%
Germany 68 Denmark
93%
France 4.4 Monaco
93%
Saudi Arabia 60 Qatar
93%
Malaysia 381 Brunei
89%
Indonesia 820 Papua New Guinea
89%
Indonesia 228 Timor-Leste
89%
Senegal 740 Gambia
88%
No matching quizzes found
Score Distribution
Percent of People with Each Score
Percentile by Number Answered
Your Score History
You have not taken this quiz